000 01575nam0a2200361 4500
001 RU\NLR\BIBL_A\022375803
005 20260420021126.0
010 _a978-5-4469-2324-3
_9300
021 _aRU
_bКН-П-24-058521
_9КН-П-24-5823
035 _a(NLR Aleph) 022375803
090 _a13669468
_c13669468
100 _a20241107d2024 u y0rusy50 ca
101 0 _arus
102 _aRU
105 _aаbh z 001zy
181 0 _ai3
_baxxe
182 0 _an
200 1 _aИстория Новосильско-Одоевской земли до начала XVI века в контексте международных отношений в Восточной Европе
_fР. А. Беспалов
203 _aТекст
_bвизуальный
_cнепосредственный
205 _aИзд. 2-е, испр. и доп.
210 _aМосква
_aСанкт-Петербург
_cНестор-История
_d2024
215 _a691 с.
_cил., цв. ил., карт., табл.
_d24
320 _aБиблиогр.: с. 597-645 и в подстроч. примеч.
320 _aИмен. указ.: с. 647-678
320 _aГеогр. указ.: с. 679-688
320 _aДр. произведения авт.: с. 642-645
607 _aВерховские княжества
_xИстория
_92382211
_3RU\NLR\AUTH\6601642124
686 1 _aТ3(2)434.29
700 1 _aБеспалов
_bР. А.
_gРоман Анатольевич
942 _cBOOK
980 _aNB